000 00679nam a2200241Ia 4500
003 OSt
005 20220926021113.0
006 a|||||r|||| 00| 0
007 ta
008 220923b |||||||| |||| 00| 0 eng d
037 _cGeneral Book
040 _aRTL
_cRTL
_beng
041 _2eng
_aeng
082 _aX:54:73:N5, H5
100 _aChase Stuart
_911032
245 0 _aTomorrow's trade
_b Problemsof our foreign commerce
260 _aNew York
_bTwentieth Century Fund
_c1945
300 _a156p.
_ccm.
650 _a Economics
650 _aInternational Trade
942 _hX:54:73:N5, H5
_cGB
_2CC
999 _c635776
_d635776